BIBLIOTECA

SENCICO

Piedra Pómez (Registro nro. 3353)

Detalles MARC
000 -LEADER
fixed length control field 00607nam a2200181Ia 4500
005 - DATE AND TIME OF LATEST TRANSACTION
control field 20251020182611.0
008 - FIXED-LENGTH DATA ELEMENTS--GENERAL INFORMATION
fixed length control field 200515s9999 xx 000 0 und d
082 ## - DEWEY DECIMAL CLASSIFICATION NUMBER
Classification number SC/666.539/I59
110 ## - MAIN ENTRY--CORPORATE NAME
Corporate name or jurisdiction name as entry element Ininvi
245 #0 - TITLE STATEMENT
Title Piedra Pómez
260 ## - PUBLICATION, DISTRIBUTION, ETC.
Place of publication, distribution, etc. Lima
260 ## - PUBLICATION, DISTRIBUTION, ETC.
Date of publication, distribution, etc. s. a.
300 ## - PHYSICAL DESCRIPTION
Extent s.n.
520 ## - SUMMARY, ETC.
Summary, etc. Señala las propiedades físicas y mecánicas de elementos de albañilería tales como block de concreto vibrado, muro y domos, fabricados usando como agragado la piedra y pómez trída de canteras de las pampas de Vitor - Arequipa
650 ## - SUBJECT ADDED ENTRY--TOPICAL TERM
Topical term or geographic name entry element PIEDRA POMEZ
650 ## - SUBJECT ADDED ENTRY--TOPICAL TERM
Topical term or geographic name entry element PUB ININVI
942 ## - ADDED ENTRY ELEMENTS (KOHA)
Koha item type Libros
Existencias
Fecha de la última vez que lo usaron Pago total Signatura topográfica completa Código de barras Precio efectivo desde Tipo de documento Estado perdido Estado dañado No es para préstamo Retirado Ubicación permanente Ubicación actual Fecha de adquisición
15/05/2020   SC/666.539/I59 Bib-Lima15053353 15/05/2020 Libros         Biblioteca Central Lima Biblioteca Central Lima 15/05/2020